Logo BPK

Biblioteka

Politechniki Koszalińskiej

Momenty dipolowe w chemii organicznej / (Rekord nr 12949)

Szczegóły MARC
000 -ETYKIETA REKORDU
podpole kontrolne o stałej długości 01206nam a2200313 i 4500
001 - NUMER KONTROLNY REKORDU
pole kontrolne 12949
003 - IDENTYFIKATOR NUMERU KONTROLNEGO REKORDU
podpole kontrolne KOSZ 005
005 - DATA OSTATNIEJ MODYFIKACJI REKORDU
podpole kontrolne 20220406130420.0
008 - POLE O STAŁEJ DŁUGOŚCI - DANE KONTROLNE
podpole kontrolne o stałej długości 071008s1970 pl a f 000 0 pol
015 ## - NUMER BIBLIOGRAFII NARODOWEJ
Numer bibliografii narodowej PB 1970/11365
040 ## - ŹRÓDŁO KATALOGOWANIA
Instytucja, która sporządziła opis WA N
Instytucja, która utworzyła rekord WA N
Instytucja, która dokonała modyfikacji KOSZ 005/RW
041 1# - KOD JĘZYKA
Kod języka tekstu pol
Kod języka oryginału rus
080 ## - UNIWERSALNA KLASYFIKACJA DZIESIĘTNA - UKD
UKD 547:537
100 1# - NAZWA OSOBOWA
Nazwa osobowa Minkin, Vladimir Isakovič
Daty związane z nazwą (1935- ).
Określenie rodzaju współpracy Autor
245 10 - TYTUŁ/ODPOWIEDZIALNOŚĆ
Tytuł Momenty dipolowe w chemii organicznej /
Pozostałe elementy strefy tytułu i oznaczenia odpowiedzialności W. I. Minkin, O. A. Osipow, J. A. Żdanow ; tł. Jerzy Prochorow.
246 1# - WARIANT TYTUŁU
Treść wyrażenia wprowadzającego Tyt. oryg. :
Tytuł Dipol'nye momenty v organičeskoj himii.
260 ## - STREFA ADRESU WYDAWNICZEGO
Miejsce wydania Warszawa :
Nazwa wydawcy/dystrybutora Państwowe Wydawnictwo Naukowe,
Data publikacji, dystrybucji/powstania dokumentu 1970.
300 ## - STREFA OPISU FIZYCZNEGO
Objętość 294, [2] s. :
Inne cechy fizyczne il. ;
Rozmiary 23 cm.
380 ## - FORMA I TYP PUBLIKACJI
Forma i typ publikacji Książki.
504 ## - UWAGA DOTYCZĄCA BIBLIOGRAFII
Informacje o bibliografii Bibliogr. przy rozdz.
650 #4 - HASŁO PRZEDMIOTOWE W FORMIE NAZWY OGÓLNEJ LUB JEDNOSTKOWEJ
Nazwa ogólna lub geograficzna Chemia organiczna
650 #4 - HASŁO PRZEDMIOTOWE W FORMIE NAZWY OGÓLNEJ LUB JEDNOSTKOWEJ
Nazwa ogólna lub geograficzna Pole elektryczne
700 1# - HASŁO DODATKOWE - NAZWA OSOBOWA
Nazwa osobowa Osipov, Osip Aleksandrovič
Daty związane z nazwą (1913- ).
Określenie związku między hasłem a opisywanym materiałem Autor
700 1# - HASŁO DODATKOWE - NAZWA OSOBOWA
Nazwa osobowa Ždanov, Ûrij Andreevič
Daty związane z nazwą (1919- ).
Określenie związku między hasłem a opisywanym materiałem Autor
710 2# - HASŁO DODATKOWE - NAZWA CIAŁA ZBIOROWEGO
Nazwa ciała zbiorowego lub jednostki geograficznej Państwowe Wydawnictwo Naukowe
Kod określenia powiązania pbl.
700 1# - HASŁO DODATKOWE - NAZWA OSOBOWA
Nazwa osobowa Prochorow, Jerzy
Daty związane z nazwą (1938- )
Określenie związku między hasłem a opisywanym materiałem Tłumaczenie
856 ## - LOKALIZACJA I DOSTĘP DO ELEKTRONICZNYCH DOKUMENTÓW ZDALNYCH
Link (URL) http://koha.tu.koszalin.pl/cgi-bin/koha/opac-detail.pl?biblionumber=12949
Tekst linku Katalog online BPK
942 ## - DODATKOWE ELEMENTY (KOHA)
Schemat klasyfikacji Uniwersalna Klasyfikacja Dziesiętna
Typ dokumentu Książka
Egzemplarze
Wycofany Status egzemplarza Uszkodzony Dostępność Lokalizacja stała Lokalizacja bieżąca Miejsce przechowywania Sygnatura Kod kreskowy Typ dokumentu
      Dostępny Biblioteka Politechniki Koszalińskiej Biblioteka Politechniki Koszalińskiej Wypożyczalnia BG 9343 01776027 Książka
      Dostępny Biblioteka Politechniki Koszalińskiej Biblioteka Politechniki Koszalińskiej Wypożyczalnia BG 9343/L 02268163 Książka
  Egz. niedostępny   Niedostępny Biblioteka Politechniki Koszalińskiej Biblioteka Politechniki Koszalińskiej Magazyn Rezerw     Książka
© 2023 Biblioteka Politechniki Koszalińskiej :: KOHA